000 00905nam a2200253 a 4500
001 BRCA_4774
005 20190320204811.0
008 030929s2003 sp-#######---#000-0#spa-#
020 _a8488333781
041 _aspa
044 _asp
050 4 _aPQ6419
_b.O78 2003
100 1 _aOrtúñez de Calahorra, Diego
_911588
245 1 0 _aEspejo de príncipes y caballeros
_b(parte I) (Zaragoza, Esteban de Nájera, 1555) : guía de lectura
_cDiego Ortúñez de Calahorra y Axayácatl Campos García Rojas.
260 _aAlcalá de Henares [España]
_bCentro de Estudios Cervantinos
_c2003.
300 _a82 p.
_c24 cm.
440 0 _aGuías de lectura caballeresca
_v54
_912067
500 _aIncluye índice genral de la colección
504 _aBibliografía: p. [73]-77
650 1 4 _aLiteratura
_zEspaña
_912068
700 1 _aCampos García Rojas, Axayácatl
_912069
902 _aCERV
942 _2lcc
_cB
999 _c4471
_d4471